Southville International School and Colleges
Your cart is empty.
  • Cart
  • Lists
    Public lists Eva Luna New books Lux_list list_1
    Your lists Log in to create your own lists
  • Log in to your account
  • Your cookies
  • Search history
Southville International School and Colleges
  • Advanced search
  • Recent comments
  • Most popular
  • Libraries

Log in to your account

Log in with GOOGLE


If you do not have an external account, but do have a local account, you can still log in:

  1. Home
  2. MARC view: Habits of mind across the curriculum :
Normal view MARC view ISBD view

Habits of mind across the curriculum : (Record no. 12795)

[ view plain ]
MARC details
000 -LEADER
fixed length control field 00655nam a2200205 a 4500
003 - CONTROL NUMBER IDENTIFIER
control field SISC
005 - DATE AND TIME OF LATEST TRANSACTION
control field 20160602150212.0
008 - FIXED-LENGTH DATA ELEMENTS--GENERAL INFORMATION
fixed length control field 090616s19uu xx 00 eng d
020 ## - INTERNATIONAL STANDARD BOOK NUMBER
International Standard Book Number 9781416607632
050 ## - LIBRARY OF CONGRESS CALL NUMBER
Classification number LB 1590.3
Item number .H33 2009
100 ## - MAIN ENTRY--PERSONAL NAME
Personal name Costa, Arthur
245 ## - TITLE STATEMENT
Title Habits of mind across the curriculum :
Remainder of title practical and creative strategies for teachers /
Statement of responsibility, etc Arthur L. Costa [and] Bena Kallick.
260 ## - PUBLICATION, DISTRIBUTION, ETC. (IMPRINT)
Place of publication, distribution, etc Alexandria, VA. :
Name of publisher, distributor, etc ASCD,
Date of publication, distribution, etc c2009.
300 ## - PHYSICAL DESCRIPTION
Extent 237 p. :
Other physical details ill. ;
Dimensions 23 cm.
650 ## - SUBJECT ADDED ENTRY--TOPICAL TERM
Topical term or geographic name as entry element Thought and thinking
General subdivision Study and teaching.
650 ## - SUBJECT ADDED ENTRY--TOPICAL TERM
Topical term or geographic name as entry element Curriculum planning.
700 ## - ADDED ENTRY--PERSONAL NAME
Personal name Kallick, Bena
942 ## - ADDED ENTRY ELEMENTS (KOHA)
Koha item type Books
Source of classification or shelving scheme Library of Congress Classification
Holdings
Withdrawn status Lost status Source of classification or shelving scheme Damaged status Home library Current library Shelving location Date acquired Source of acquisition Cost, normal purchase price Total Checkouts Total Renewals Full call number Barcode Date last seen Date checked out Copy number Price effective from Koha item type
    Library of Congress Classification   Luxembourg Library Luxembourg Library Genevive Ledesma - Tan Section 06/16/2009 Donation 20.95 2 2 LB 1590.3 .H33 2009 17454 06/05/2014 05/22/2014 1 10/10/2013 Books

Habits of mind across the curriculum :

APA

Costa A., Kallick B., . (2009). Habits of mind across the curriculum. Alexandria, VA: ASCD.

Chicago

Costa Arthur, Kallick Bena, . 2009. Habits of mind across the curriculum. Alexandria, VA: ASCD.

Harvard

Costa A., Kallick B., . (2009). Habits of mind across the curriculum. Alexandria, VA: ASCD.

MLA

Costa Arthur, Kallick Bena, . Habits of mind across the curriculum. Alexandria, VA: ASCD. 2009.

  • Place hold
  • Print
  • Cite
  • Add to your cart (remove)
  • Save record
    BIBTEX Dublin Core MARCXML MARC (non-Unicode/MARC-8) MARC (Unicode/UTF-8) MARC (Unicode/UTF-8, Standard) MODS (XML) RIS
  • More searches
    Search for this title in:
    Other Libraries (WorldCat) Other Databases (Google Scholar) Online Stores (Bookfinder.com) Open Library (openlibrary.org)

Exporting to Dublin Core...

SOUTHVILLE LIBRARY

Southville International School and Colleges Library

1281 Tropical Ave. Cor. Luxembourg St., BF Homes International, Las Pinas City

Tel. No. 8256374 / 252358 Loc. 117/146

Powered by Koha